| 000 | 01039nam a2200289 i 4500 | ||
|---|---|---|---|
| 001 | bg | ||
| 100 | 1 |
_aSedgewick, Robert _d(1946- ). |
|
| 245 | 1 | 0 |
_aAlgorytmy w C++. _nCz.5, _pGrafy / _cRobert Sedgewick [oraz Christopher J. Van Wyk ; tł. Paweł Rzechonek et al.]. |
| 246 |
_iTyt. oryg.: _aAlgorithms in C++. P. 5, Graph algorithms |
||
| 260 |
_aWarszawa : _b"RM", _c2003. |
||
| 300 |
_aXVIII, 454 s. : _brys., tab. ; _c25 cm. |
||
| 500 | _aTyt. oryg.: "Algorithms in C++. P. 5, Graph algorithms" 2002. Nazwa współaut. na okł. | ||
| 504 | _aBibliogr. s. 444. Indeks. | ||
| 650 | 9 | _aC++ (język programowania) | |
| 650 | 9 |
_aGrafy _xstosowanie |
|
| 655 | _aPodręczniki | ||
| 700 | 1 | _aVan Wyk, Christopher J. | |
| 700 | 1 |
_aRZechonek, Paweł. _eTł. |
|
| 020 | _a8372432643 | ||
| 040 | _cBPK | ||
| 041 | 1 |
_apol _heng |
|
| 080 | _a004.438A/Z:519.1](07) | ||
| 920 | _a83-7243-264-3 | ||
| 942 | _cKS | ||
| 008 | s pl f |000 0 pol | ||
| 999 |
_c43988 _d43988 |
||
| 856 |
_uhttp://koha.tu.koszalin.pl/cgi-bin/koha/opac-detail.pl?biblionumber=43988 _yKatalog online BPK |
||